| 000 | 00000nam##2200000za#4500 |
| 001 | 9.670314 |
| 003 | CaOODSP |
| 005 | 20200330112321 |
| 007 | ta |
| 008 | 150407|2008||||xxc||||| f|0| 0 fre|d |
| 020 | |a978-0-662-05866-3 |
| 040 | |aCaOODSP|bfre |
| 041 | |aeng |
| 041 | |afre |
| 043 | |an-cn--- |
| 086 | 1 |aV32-207/2008 |
| 110 | 1 |aCanada. |bAnciens combattants Canada. |
| 245 | 13|aLe Canada se souvient - les « Cent jours du Canada » |
| 260 | |aCharlottetown - Ile du Prince-Édouard : |bAnciens Combattants Canada |cc2008. |
| 300 | |a1 feuille pliée (texte français, [3]p.) : |bphotographies ; |c28 cm. |
| 500 | |aLes n° de catalogue (V32-207/2008F et V32-207/2008E) et les ISBN (978-0-662-04486-4 et 978-1-100-10246-7) copiés dans cette édition électronique sont incorrects. |
| 563 | |aDépliant |
| 590 | |a09-50|b2009-12-11 |
| 691 | 07|aGuerre mondiale, 1914-1918|2gcpds |
| 776 | 0#|tLe Canada se souvient - les « Cent jours du Canada » |w(CaOODSP)9.635563 |
| 776 | 0#|tCanada remembers - "The last hundred days" |w(CaOODSP)9.691229 |
| 791 | |tCanada remembers - "The last hundred days" |eeng|w(CaOODSP)9.670313 |